000 00347nam a2200145Ia 4500
008 210210b1983 xxu||||| |||| 00| 0 eng d
082 _a923.1 LUDN
100 _aLUDWIG (Emil).
245 _aNapoleon.
260 _aBombay.
_bJaico Publishing House.,
_c1983
300 _a631
650 _aBonaparte
690 _aBiography
906 _aSG02490
999 _c113491
_d113491